| 000 | 00715cam a22002414a 4500 | ||
|---|---|---|---|
| 999 |
_c1707 _d1707 |
||
| 001 | 9527 | ||
| 003 | BD-DhUAP | ||
| 005 | 20200212144331.0 | ||
| 008 | 100129s2009 bg l 001 0 eng | ||
| 040 |
_aBD-DhUAP _cBD-DhUAP _bEng |
||
| 042 | _alcode | ||
| 043 | _aa-bg--- | ||
| 082 |
_223 _a347.052 KHA |
||
| 100 | _aKhan, Raja Said Akbar. | ||
| 245 | 1 | 0 |
_aThe Limitation Act : _b(IX of 1908) with commentary / _cRaja Said Akbar Khan. |
| 260 |
_aLahore : _bP. L. D. publishers, _c[...?]. |
||
| 300 |
_a99 pages ; _c24 cm. |
||
| 500 | _aIncludes index. | ||
| 520 | _aWith latest amendments and up-to-date case laws. | ||
| 650 | 0 |
_aLimitation of actions _zPakistan. |
|
| 942 |
_2ddc _cBK |
||